• 首页
  • 本馆介绍
  • 公告通知
  • 最新文献
  • 馆藏检索
  • 电子资源
  • 读者导购
  • 参考咨询
  • 我的图书馆
  • 登录
  • 详细信息显示
  • 放入我的书架
  • 预约/预借图书
  • 作者相关作品
  • 分类相关作品
  • 丛书相关作品
  • 出版社相关作品

书目信息

  • 表格格式
  • 工作单格式
  • 卡片格式
题名:
太空对抗
    
 
作者: 宁凌 , 王春 , 荣晖 编著
分册:  
出版信息: 北京   军事谊文出版社  2006
页数: 4, 260
开本: 20cm
丛书名: 新理念战争丛书
单 册:
中图分类: E864
科图分类:
主题词: 外层空间战--研究--Wai Ceng Kong Jian Zhan
电子资源:
ISBN: 7-80150-525-5
000 01345nam0 2200349 450
000 01308nam0 2200337 450
000 01308nam0 2200349 450
000 01254nam0 2200325 450
000 01272nam0 2200313 450
000 01235nam0 2200301 45
001 0195145395
005 20061210144126.75
010    @a7-80150-525-5@dCNY18.00
100    @a20060829d ekmy0chiy0110 ea
101 0  @achi
102    @aCN@b110000
105    @aa z 000yy
200 1  @a太空对抗@Atai kong dui kang@f宁凌,王春,荣晖编著@FNing Ling, Wang Chun, Rong Hui Bian Zhu
210    @a北京@c军事谊文出版社@d2006
215    @a4, 260@c图@d20cm
225 2  @a新理念战争丛书@AXin Li Nian Zhan Zheng Cong Shu
330    @a本书详细介绍了太空对抗的概念和意义,并举实例进行了介绍:美苏太空争霸,海湾上空的第一场太空站,21世纪第一场太空站,从太空看伊拉克战争,并对太空站进行了理论的介绍:太空站概述,制天权,太空威慑,太空信息战,外军太空站理论等。
410  0 @12001 @a新理念战争丛书
606 0  @a外层空间战@x研究@AWai Ceng Kong Jian Zhan
690    @aE864@v4
701  0 @a宁凌@Aning ling@4编著
701  0 @a王春@Awang chun@4编著
701  0 @a荣晖@Arong hui@4编著
801  0 @aCN@bTSSF@c20061210@d0010
905    @a10447@dE864@e5
    
    太空对抗/宁凌,王春,荣晖编著.-北京:军事谊文出版社,2006
    4, 260:图;20cm.-(新理念战争丛书)
    
    
    ISBN 7-80150-525-5:CNY18.00
    本书详细介绍了太空对抗的概念和意义,并举实例进行了介绍:美苏太空争霸,海湾上空的第一场太空站,21世纪第一场太空站,从太空看伊拉克战争,并对太空站进行了理论的介绍:太空站概述,制天权,太空威慑,太空信息战,外军太空站理论等。
●
相关链接 在E读中查询图书 在五车中查询图书 在当当中查询图书 在豆瓣中查询图书


正题名:太空对抗     索取号:E864/5         预约/预借

序号 登录号 条形码 馆藏地/架位号 状态 备注
1 0607267   206072676   第一样本阅览室/ [索取号:E864/5] 在馆    
2 0607268   206072685   第一借阅区/ [索取号:E864/5] 在馆    
3 0607269   206072694   第一借阅区/ [索取号:E864/5] 在馆    
4 0607270   206072701   第一借阅区/ [索取号:E864/5] 在馆    
5 0607271   206072710   第一借阅区/ [索取号:E864/5] 在馆    
唐山师范学院图书馆 欢迎您!
大连网信软件有限公司© 版权所有